LEADER 00894nam0 2200265 450 001 000005101 005 20090305125250.0 010 $a88-08-07989-9 100 $a20031112d2002----km-y0itay50------ba 101 1 $aita 102 $aIT 200 1 $aMicrobiologia$fAbigail A. Salyers, Dixie D. Whitt 210 $aBologna$cZanichelli$d2002 215 $aXVII, 477 p., 4 p. di tav.$cill.$d27 cm 454 1$12001$aMicrobiology. Diversity, disease and the environment$938594 500 10$aMicrobiology. Diversity, disease and the environment$m 610 1 $aMicrobiologia 676 $a576 700 1$aSalyers,$bAbigail A.$067030 701 1$aWhitt,$bDixie D.$067031 801 0$aIT$bUNIPARTHENOPE$gRICA$2UNIMARC 912 $a000005101 951 $cPIST$aP1 576-M/1$b36307$d20031112 996 $aMicrobiology. Diversity, disease and the environment$938594 997 $aUNIPARTHENOPE LEADER 01724nam0 22003491i 450 001 UON00134981 005 20231205102816.701 010 $a01-972761-0-5 100 $a20020107d1997 |0itac50 ba 101 $aeng 102 $aGB 105 $a|||| 1|||| 200 1 $aScience, tools and magic$fby Francis Maddison and Emilie Savage-Smith 210 $aLondon$cThe Nour Foundation in ass. with Azimuth Editions and Oxford University Press$d1997 215 $a2 v.$cill.$d38 cm 311 $aARA IX A 053 (12/1-2)$9UON00020598 316 $avedi inv. 98878$5IT-UONSI ARAIXA/053 (12.2) 316 $afatt. M 357166 del 18.7.01$5IT-UONSI ARAIXA/053 (12.1) 410 0$1001UON00020598$12001 $aˆThe ‰Nasser D. Khalili Collection of Islamic Art$fgeneral editor Julian Raby$v12 (1-2) ARA IX A 053 (12/1-2) 606 $aMANOSCRITTI ARABI$x0PERE MAGICHE$3UONC031119$2FI 606 $aMANOSCRITTI ARABI$xOPERE SCIENTIFICHE$3UONC031120$2FI 620 $aGB$dLondon$3UONL003044 686 $aARA IX A$cPAESI ARABI - ARTI - STORIA DELL'ARTE$2A 700 1$aMaddison$bFrancis$3UONV041905$0657074 701 1$aSavage-Smith$bEmilie$3UONV041551$0643213 712 $aThe Nour Foundation$3UONV249153$4650 801 $aIT$bSOL$c20250502$gRICA 912 $aUON00134981 950 $aSIBA - SISTEMA BIBLIOTECARIO DI ATENEO$dSI ARA IX A 053 (12.2) $eSI SA 98879 7 053 (12.2) vedi inv. 98878 950 $aSIBA - SISTEMA BIBLIOTECARIO DI ATENEO$dSI ARA IX A 053 (12.1) $eSI SA 98878 7 053 (12.1) fatt. M 357166 del 18.7.01 996 $aScience, tools and magic$91314361 997 $aUNIOR